00243nam a2200097Ia 4500008004100000100002300041245003600064260002100100942000700121999001700128190216s9999||||xx |||||||||||||| ||und|| aDesarajsingh Batee 0aHindi-Meerabai Our Inki Padvati bAshoka Prakasan cBK c17897d17897